LEADER 01027nam--2200361---450- 001 990006173040203316 005 20161012115929.0 010 $a978-88-15-26371-1 035 $a000617304 035 $aUSA01000617304 035 $a(ALEPH)000617304USA01 035 $a000617304 100 $a20140318d2016----km-y0itay50------ba 101 0 $aita 102 $aIT 105 $a||||||||001yy 200 1 $aFare è innovare$e[il nuovo lavoro artigiano]$fStefano Micelli 210 $aBologna$cIl Mulino$d2016 215 $a121 p.$d20 cm 225 2 $aFarsi un'idea$v248 410 0$12001$aFarsi un'idea$v, 248 606 0 $aArtigianato$2BNCF 676 $a338.4768 700 1$aMICELLI,$bStefano$0437554 801 0$aIT$bsalbc$gISBD 912 $a990006173040203316 951 $a338.476 MIC 1$b83864 G.$c338.476 MIC$d391624 959 $aBK 969 $aECO 979 $aFIORELLA$b90$c20161012$lUSA01$h1157 979 $aFIORELLA$b90$c20161012$lUSA01$h1159 996 $aFare è innovare$91393951 997 $aUNISA LEADER 02147oam 2200565M 450 001 9910716146603321 005 20200213070925.5 035 $a(CKB)5470000002518650 035 $a(OCoLC)1065610224 035 $a(OCoLC)995470000002518650 035 $a(EXLCZ)995470000002518650 100 $a20071213d1926 ua 0 101 0 $aeng 135 $aurcn||||||||| 181 $ctxt$2rdacontent 182 $cc$2rdamedia 183 $acr$2rdacarrier 200 10$aAuthorizing reimbursement to the government of the Philippine Islands for maintaining alien crews. February 22, 1926. -- Committed to the Committee of the Whole House on the State of the Union and ordered to be printed 210 1$a[Washington, D.C.] :$c[U.S. Government Printing Office],$d1926. 215 $a1 online resource (2 pages) 225 1 $aHouse report / 69th Congress, 1st session. House ;$vno. 354 225 1 $a[United States congressional serial set ] ;$v[serial no. 8531] 300 $aBatch processed record: Metadata reviewed, not verified. Some fields updated by batch processes. 300 $aFDLP item number not assigned. 606 $aClaims 606 $aImprisonment 606 $aSubversive activities 606 $aTerritories and possessions 606 $aWorld War, 1914-1918 606 $aNoncitizens 606 $aMerchant mariners 608 $aLegislative materials.$2lcgft 615 0$aClaims. 615 0$aImprisonment. 615 0$aSubversive activities. 615 0$aTerritories and possessions. 615 0$aWorld War, 1914-1918. 615 0$aNoncitizens. 615 0$aMerchant mariners. 701 $aSweet$b Thaddeus C.$f1872-1928$pRepublican (NY)$01392535 801 0$bWYU 801 1$bWYU 801 2$bOCLCO 801 2$bOCLCQ 801 2$bOCLCO 801 2$bOCLCQ 906 $aBOOK 912 $a9910716146603321 996 $aAuthorizing reimbursement to the government of the Philippine Islands for maintaining alien crews. February 22, 1926. -- Committed to the Committee of the Whole House on the State of the Union and ordered to be printed$93470607 997 $aUNINA